000 00689nam a22002417a 4500
005 20221027123919.0
008 140522b xxu||||| |||| 00| 0 eng d
020 _a9781905940967
_c180
040 _aLoreto College
041 _aEnglish
082 _a158.1
_bSMI-SHI
100 _aShipside, Steve
245 _aSamuel Smiles' Self-help
_ba 52 brilliant ideas interpretation
_cby Steve Shipside
260 _aOxford
_bInfinite Ideas Ltd
_c2009
300 _avii,111p
_b20 cm
500 _aFirst published in 1859
504 _aIncludes index
600 _aSmiles, Samuel
_xSelf-help
650 _aSelf- Improvement
650 _aSelf-development
850 _aLCLIB
942 _cBK
999 _c39246
_d89725